000 00218nam a22000857a 4500
008 170626b xxu||||| |||| 00| 0 eng d
100 _93686
_aJain. R
245 _aTogether English communicative IX
260 _aNew delhi
_c2009
999 _c7102
_d7102